000 01354nam a2200241Ia 4500
003 Ost
005 20260507075428.0
008 260507s9999||||xx |||||||||||||| ||und||
020 _a9789961523025
040 _cfsecg
041 _aara
082 _a346.02
100 _aسعداوي، سليم
_eمؤلف
245 0 _aعقود التجارة الالكترونية :
_bدراسة مقارنة /
_c سليم سعداوي
260 _aالجزائر:
_bدار الخلدونية,
_c2008
300 _a184 صفحة؛
_c24 سم
504 _aمراجع ص.179
520 _aمفهوم التجارة الالكترونية و مفهوم التعاقد عن بعد و العقود الالكترونية و تناول مرحلة الاعلام في العقد الالكتروني و الايجاب و القبول فيه و صياغة العقد من حيث أطرافه و الصياغة التفضيلية للعقد كما تم تناول أنواع التوقيع الالكتروني و توثيقه و حجيته و موقف بعض التشريعات المقارنة من تزوير المستند الالكيروني و تنامي التجارة الالكترونية و مزاياها .
653 _aالتجارة
653 _aالتجارة الالكترونية
653 _aالعقود التجارية
942 _cكتاب
999 _c44498
_d44498